000 00710nam a2200265Ia 4500
005 20260302114430.0
008 008 260114s9999 xx 000 0 eng d
020 _a9781350015692
037 _aTextbook
040 _aCRL
040 _beng
040 _cCRL
041 _2eng
041 _aeng
084 _qCRL
100 _aWilliam Watkin
_91118103
245 0 _aBadiou and Indifferent Being A Critical Introduction to Being and Event
260 _bBloomsbury
260 _bBloomsbury Academic
260 _c2017
650 _aPhilosophy
856 _uhttps://dx.doi.org/10.5040/9781350015692?locatt=label:secondary_bloomsburyCollections
942 _cEBOOK
999 _c1682528
_d1682528